000 02707nam a2200541 i 4500
001 5238541
003 CZ PrSKC
005 20260512145338.0
007 ta
008 260505s2026 xr a c 6 000 1 cze
015 _acnb003756581
020 _a978-80-275-2863-9
_q(vázáno)
040 _aABG001
_bcze
_erda
041 1 _acze
_hfin
072 7 _a741.52
_xKomiksy. Komiksové adaptace
_2Konspekt
_921
072 7 _a821-93
_xLiteratura pro děti a mládež (beletrie)
_2Konspekt
_926
080 _a741.52(0:82-322.9)
_2MRF
080 _a741.52(0:82-321.3)
_2MRF
080 _a821-93
_2MRF
100 1 _aWestin, Miila,
_d1987-
_7xx0337646
_4aut
_4ill
_920381
240 1 0 _aVaarallinen uni.
_lČesky
245 1 0 _aBájníci.
_n2,
_pNebezpečný sen /
_cMiila Westinová ; přeložil Michal Švec
246 3 0 _aNebezpečný sen
250 _aPrvní vydání
264 1 _aBrno :
_bHost,
_c2026
300 _a105 stran :
_bbarevné ilustrace ;
_c26 cm
336 _atext
_btxt
_2rdacontent
336 _astatický obraz
_bsti
_2rdacontent
337 _abez média
_bn
_2rdamedia
338 _asvazek
_bnc
_2rdacarrier
500 _aPřeloženo z finštiny
520 2 _aBarevné komiksové dobrodružství, založené na prastarých baltofinských mýtech.
_bNoční můra je jen zlý sen, ze kterého se můžeš probudit. Ale co když ne? Eevi se dostala na místo, odkud se smrtelníci většinou nevracejí -- do říše mrtvých Tuonely. Jí se však podařilo vrátit ve zdraví zpátky, a ještě přitom spolu s kamarády osvobodit kraj z nekončící zimy. Eevino setkání s nadpřirozenem tím zdánlivě skončilo, ale pronásledují ji zlé sny. Z jedné takové noční můry ji probudí podzemník Otso. Eevi má totiž starodávný přívěsek od babičky, který by mu mohl pomoct. Jenže po tomto mocném šperku baží i Louhi, hrozivá vládkyně Tuonely. Zlé sny se opakují a Eevi zjistí, že sen a skutečnost někdy dělí pouze velmi tenká hranice. Nakladatelská anotace. Kráceno.
521 8 _aPro čtenáře od 9 let
655 7 _afantasy komiksy
_7fd1057473
_2czenas
_910419
655 7 _aakční a dobrodružné komiksy
_7fd1057471
_2czenas
_910520
655 7 _apublikace pro děti
_7fd133156
_2czenas
655 9 _afantasy comics
_2eczenas
_910420
655 9 _aaction and adventure comics
_2eczenas
_910521
655 9 _achildren's literature
_2eczenas
700 1 _aŠvec, Michal,
_d1984-
_7mzk2007423828
_4trl
_914106
710 2 _aHost (vydavatelství)
_7ko2003163544
_4pbl
787 0 8 _iZ cyklu:
_tBájníci
_g2
900 _aABG001
_b19
998 _a010844855
910 _aABG508
044 _axr
993 _a294.00
_h449.00
_iTeam Business
_d2026-05-12
_x1076848
999 _c34268
_d34268